logo

Bir Sreshtho Munshi Abdur Rouf Library
Jhenaidah Cadet College

বীর নারী মুক্তিযোদ্ধার কথা / (Record no. 14481)

MARC details
000 -LEADER
fixed length control field 01009nam a22002537a 4500
001 - CONTROL NUMBER
JCCL Control Number 14481
003 - CONTROL NUMBER IDENTIFIER
JCCL marc code BD-JhCC
005 - DATE AND TIME OF LATEST TRANSACTION
control field 20251209115826.0
008 - FIXED-LENGTH DATA ELEMENTS--GENERAL INFORMATION
fixed length control field 251209b |||||||| |||| 00| 0 eng d
020 ## - INTERNATIONAL STANDARD BOOK NUMBER
International Standard Book Number 9789849518754
035 ## - SYSTEM CONTROL NUMBER
system control number (BD-JhCC) 14481
040 ## - CATALOGING SOURCE
Original cataloging agency BD-JhCC
Modifying agency BD-JhCC
041 ## - LANGUAGE CODE
Language code of Book eng
082 ## - DEWEY DECIMAL CLASSIFICATION NUMBER
DDC Edition number 23
Classification number 954.92
Author mark and Year ZAH 2021
100 ## - MAIN ENTRY--PERSONAL NAME
Personal name জাহিদ, সুরমা
245 ## - TITLE STATEMENT
Title বীর নারী মুক্তিযোদ্ধার কথা /
Statement of responsibility, etc সুরমা জাহিদ
246 ## - VARYING FORM OF TITLE
Title proper/short title Bir Nari Muktijoddhar Kotha
260 ## - PUBLICATION, DISTRIBUTION, ETC. (IMPRINT)
Place of publication, distribution, etc ঢাকাঃ
Name of publisher, distributor, etc প্রজন্ম পাবলিকেশন্স,
Date of publication, distribution, etc ২০২১
300 ## - PHYSICAL DESCRIPTION
Pagination ৭৯ পৃ.;
Dimensions ২২ সেমি.
Accompanying material পেপার বাইণ্ডিং
650 ## - SUBJECT ADDED ENTRY--TOPICAL TERM
Topical term or geographic name as entry element বাংলাদেশের মুক্তিযুদ্ধ
650 ## - SUBJECT ADDED ENTRY--TOPICAL TERM
Topical term or geographic name as entry element নারী মুক্তিযোদ্ধাদের ভূমিকা
650 ## - SUBJECT ADDED ENTRY--TOPICAL TERM
Topical term or geographic name as entry element বাংলাদেশের ইতিহাস
942 ## - ADDED ENTRY ELEMENTS (KOHA)
Source of classification or shelving scheme Dewey Decimal Classification
Koha item type Books
Holdings
Source of classification or shelving scheme Damaged status Not for loan Collection code Home library Current library Shelving location Date of accession Total Checkouts Full call number Barcode Date last seen Copy number Method of acquisition Koha item type Currency
Dewey Decimal Classification     Non-fiction JCC Rouf Library JCC Rouf Library General Stacks     954.92 ZAH 2021 20393 12/09/2025 C-1 Purchase Books BDT
Dewey Decimal Classification     Non-fiction JCC Rouf Library JCC Rouf Library General Stacks     954.92 ZAH 2021 20394 12/09/2025 C-2 Purchase Books BDT

JCC Library | Contacts | JCC Home

Last Update on 23 September 2017
Copyright @ 2017-2020 JCC Rouf Library
Rouf Library, Jhenidah Cadet College (JCC), Bangladesh